| Поле | Инд. | ПП | Название | Значение |
|---|---|---|---|---|
| Тип записи | a | |||
| Библиографический уровень | a | |||
| 001 | Контрольный номер | 9d9758eb667647eabcf6bf5fb016e404 | ||
| 005 | Дата корректировки | 20230111132431.4 | ||
| 100 | a | Данные общей обработки | 20190520 ||| 0rusy0189 ca | |
| 101 | 0_ | a | Язык текста | rus |
| 102 | a | Страна публикации | RU | |
| 200 | 1_ | f | Первые сведения об ответственности | П. Яни |
| a | Заглавие | Мошенничество с использованием электронных средств платежа | ||
| b | Общее обозначение материала | Текст | ||
| 210 | 1_ | d | Дата издания | 2019 |
| 461 | _0 | 1 | 2000 | |
| a | Законность | |||
| 463 | _0 | 1 | 2000 | |
| a | №4.- С. 30-35 | |||
| a | №5.- С. 25-28 | |||
| a | №6.- С. 39-43 | |||
| 1 | 2101 | |||
| d | 2019 | |||
| 1 | 00104e5f8e9643a41b5863bf15cb9fa1dd2 | |||
| 606 | a | Основная рубрика | Право. Юридические науки | |
| x | Основная подрубрика | Уголовное право | ||
| 610 | 0_ | a | Ключевые слова | ПРЕСТУПЛЕНИЯ ПРОТИВ СОБСТВЕННОСТИ |
| a | Ключевые слова | МОШЕННИЧЕСТВО | ||
| a | Ключевые слова | ЭЛЕКТРОННЫЙ ДОКУМЕНТ | ||
| 700 | _1 | a | Фамилия | Яни |
| b | Имя | П. | ||
| 801 | _0 | a | Страна | RU |
| b | Организация | РГУП | ||
| c | Дата составления | 20190520 | ||
| g | Правила каталогизации | PSBO | ||
| 801 | _1 | a | Страна | RU |
| b | Организация | РГУП | ||
| c | Дата составления | 20190520 | ||
| g | Правила каталогизации | PSBO | ||
| 901 | t | Тип документа | b | |
| w | Контрольный № источника | 04e5f8e9643a41b5863bf15cb9fa1dd2 | ||
| 905 | a | Дата ввода | 20190520 | |
| 952 | k | Публикации кафедры | Уголовного права |